LEADER 00512nam a2200169 i 4500 001 000000215564 003 CaOOAMICUS 005 20120828000000.0 008 120828s1987 it u000 u ita u 013 $a194437 040 $aSeMil$bita 245 10$a5. 300 $a254 p. :$bill. 773 0 $tVaréna seu Insula nova.$dLecco : Agielle, 1980-1994.$w()27297 850 $aSeMil 852 $aSeMil$W1$xVenegono$y1$m3P III 66/D$j165984$B165984$CSeMilBibl$Z2$F176941 $81 996 $6245$a5$9(OLS)http://semarc/title/57540 LEADER 00552nam a2200169 i 4500 001 000000078234 003 CaOOAMICUS 005 20170214000000.0 008 170214s1844 it u000 u ita u 013 $a50471 040 $aSeMil$bita 245 10$aTomo 2. 300 $a506 p., [6] c. di tav. :$bill. 773 0 $tMilano e il suo territorio.$dMilano : Luigi di Giacomo Pirola, 1844.$g2$w()10324 850 $aSeMil 852 $aSeMil$W1$xVenegono$y1$m3O V 34 FA$j44198$B44198$CSeMilBibl$Z2$F45830 $8I 996 $6245$aTomo 2$9(OLS)http://semarc/title/49331